| 000 | 00340nam a2200133Ia 4500 | ||
|---|---|---|---|
| 008 | 230312s9999||||xx |||||||||||||| ||und|| | ||
| 082 |
_a612 _bSHE-I |
||
| 100 | _aSher;M.Chaudhry | ||
| 245 | 0 | _aIntroduction to Statistical Theory P-1 | |
| 260 |
_bIlmi Kitab _aPakistan _c2015 |
||
| 300 | _a551 | ||
| 650 |
_aMedical _vStatistics |
||
| 942 | _cBK | ||
| 999 |
_c10946 _d10946 |
||